000 00303nam a22001337a 4500
008 170927b xxu||||| |||| 00| 0 eng d
020 _a9780827369153
041 _aeng
080 _25 ED
_a37
100 _a47
101 _aEDU
245 _aINTRODUCTORY HORTICULTURE
_cSHRY.C.L
942 _2udc
_cBK
999 _c30287
_d30287